000 00606cam a22002293a 4500
001 8596
003 PGUSA
005 20140828083202.0
008 050701s2005||||xxu|||||s|||||000 1 eng d
040 _aPGUSA
_beng
042 _adc
050 4 _aPR
100 1 _aTracy, Louis,
_d1863-1928
245 1 4 _aThe Wheel O' Fortune
_h[electronic resource] /
_cLouis Tracy
260 _bProject Gutenberg,
_c2005
506 _aPublic domain in the USA.
516 _aElectronic text
653 _aFiction
830 0 _aProject Gutenberg
_v8596
856 4 0 _uhttp://www.gutenberg.org/ebooks/8596
942 _cEB
999 _c237896
_d237896